000 00663nam a2200217Ia 4500
008 180523s9999 xx 000 0 und d
020 _a1-57851-233-6
050 _aMAIN HD 69
050 _b.H37 2000
245 0 _aHarvard business review on business and the environment /
260 _aMassachusetts :
260 _bHarvard Business School Press,
260 _c2000
300 _a251 pages :
300 _c21 cm.
440 _aThe The Harvard business review paperback series.
500 _aIncludes index.
650 _aIndustrial managament -- Environmental aspects.
650 _aSocial responsibility of business.
650 _xGreen movement.
999 _c356960
_d356960